Normal view
MARC view
Entry Personal Name
001 - CONTROL NUMBER
- control field: 28466
003 - CONTROL NUMBER IDENTIFIER
- control field: dpl
005 - DATE AND TIME OF LATEST TRANSACTION
- control field: 20110607103648.0
008 - FIXED-LENGTH DATA ELEMENTS
- fixed length control field: 110607|||a|||||| | ||| d
040 ## - CATALOGING SOURCE
- Original cataloging agency: dpl
- Transcribing agency: dpl
100 ## - HEADING--PERSONAL NAME
- Personal name: Udayashankara, V.
670 ## - SOURCE DATA FOUND
- Source citation: Work cat.: (dpl)36887: Udayashankara, V., Real time digital signal processing :, 2010
670 ## - SOURCE DATA FOUND
- Source citation: Work cat.: (dpl)36887: Udayashankara, V., Real time digital signal processing :, 2010
